Programming in Modula-2 /
Guardado en:
| Autor Principal: | |
|---|---|
| Formato: | Libro |
| Idioma: | English |
| Publicado: |
New York :
Springer-Verlag,
c1988.
|
| Edición: | 4th ed. |
| Series: | Texts and monographs in computer science
|
| Materias: | |
| Etiquetas: |
Agregar Etiqueta
Sin Etiquetas, Sea el primero en etiquetar este registro!
|
| LEADER | 00638cam a2200205 a 4500 | ||
|---|---|---|---|
| 001 | MAT.inmabb004228 | ||
| 008 | 881025s1988####nyua##########001#0#eng## | ||
| 005 | 20160610135231.0 | ||
| 245 | 1 | 0 | |a Programming in Modula-2 / |c Niklaus Wirth. |
| 250 | |a 4th ed. | ||
| 260 | |a New York : |b Springer-Verlag, |c c1988. | ||
| 300 | |a 182 p. : |b il. ; |c 25 cm. | ||
| 440 | 0 | |a Texts and monographs in computer science | |
| 020 | |a 0387501509 (U.S.) | ||
| 100 | 1 | |a Wirth, Niklaus, |d 1934- | |
| 650 | 0 | |a Modula-2 (Computer program language) | |
| 084 | |a 68N15 |2 msc2000 | ||
| 010 | |a 88038016 | ||
| 040 | |a DLC |c DLC |d DLC | ||
| 859 | |h 68 |i W799p-2 |p A-6367 |b BIB. MATEMATICA | ||
